Normal view
MARC view
- تأليف إبراهيم، طه أحمد
Entry Personal Name
001 - CONTROL NUMBER
- control field: 40742
003 - CONTROL NUMBER IDENTIFIER
- control field: JO-AjAnu
005 - DATE AND TIME OF LATEST TRANSACTION
- control field: 20230606080752.0
008 - FIXED-LENGTH DATA ELEMENTS
- fixed length control field: 230606|| aca||aabn | a|a d
040 ## - CATALOGING SOURCE
- Original cataloging agency: JO-AjAnu
- Transcribing agency: JO-AjAnu
100 ## - HEADING--PERSONAL NAME
- Personal name: تأليف إبراهيم، طه أحمد
670 ## - SOURCE DATA FOUND
- Source citation: Work cat.: (JO-AjAnu)20883: تأليف إبراهيم، طه أحمد, author, تاريخ النقد الأدبي عند العرب من العصر الجاهلي إلى القرن الرابع هجري